An introduction to cryptology / (Record no. 180087)

000 -LEADER
fixed length control field 01288 a2200241 4500
003 - CONTROL NUMBER IDENTIFIER
control field Nust
005 - DATE AND TIME OF LATEST TRANSACTION
control field 20221020122618.0
010 ## - LIBRARY OF CONGRESS CONTROL NUMBER
LC control number 88000616
020 ## - INTERNATIONAL STANDARD BOOK NUMBER
International Standard Book Number 0898382718 :
040 ## - CATALOGING SOURCE
Transcribing agency Nust
082 00 - DEWEY DECIMAL CLASSIFICATION NUMBER
Classification number 005.82,TIL
100 1# - MAIN ENTRY--PERSONAL NAME
Personal name Tilborg, Henk C. A. van,
9 (RLIN) 80706
245 13 - TITLE STATEMENT
Title An introduction to cryptology /
Statement of responsibility, etc. Henk C.A. van Tilborg.
260 ## - PUBLICATION, DISTRIBUTION, ETC.
Place of publication, distribution, etc. Boston :
Name of publisher, distributor, etc. Kluwer Academic Publishers,
Date of publication, distribution, etc. c1988.
300 ## - PHYSICAL DESCRIPTION
Extent x, 170 p. :
Other physical details ill. ;
Dimensions 27 cm.
490 1# - SERIES STATEMENT
Series statement The Kluwer international series in engineering and computer science ;
Volume/sequential designation SECS 52.
Series statement Communications and information theory
505 ## - FORMATTED CONTENTS NOTE
Formatted contents note Introduction (Page-1), Classical Systems (Page-7), Shift Register Sequences (Page-19), Shannon Theory (Page-39), Huffman Codes (Page-47), Des (Page-55), Public Key Cryptography (Page-63), The Discrete Logarithm Problem (Page-67), Rsa (Page-77), The Mceliece System (Page-93), The Knapsack System (Page-97), Threshold Schemes (Page-111), Other Directions (Page-115).
650 #0 - SUBJECT ADDED ENTRY--TOPICAL TERM
Topical term or geographic name entry element Cryptography
General subdivision Data processing.
9 (RLIN) 100977
650 #0 - SUBJECT ADDED ENTRY--TOPICAL TERM
Topical term or geographic name entry element Cryptography.
830 #0 - SERIES ADDED ENTRY--UNIFORM TITLE
Uniform title Kluwer international series in engineering and computer science ;
9 (RLIN) 82222
830 #0 - SERIES ADDED ENTRY--UNIFORM TITLE
Uniform title Kluwer international series in engineering and computer science.
9 (RLIN) 82222
942 ## - ADDED ENTRY ELEMENTS (KOHA)
Source of classification or shelving scheme
Koha item type Book
Call number prefix 005.82,TIL
Item part 005.82,TIL
Holdings
Withdrawn status Lost status Source of classification or shelving scheme Damaged status Not for loan Permanent Location Current Location Shelving location Date acquired Full call number Barcode Date last seen Price effective from Koha item type Public note
          Military College of Signals (MCS) Military College of Signals (MCS) General Stacks 12/12/2016 005.82,TIL MCS21196 12/08/2016 12/12/2016 Book Almirah No.9, Shelf No.6
© 2023 Central Library, National University of Sciences and Technology. All Rights Reserved.